Music Quiz

Random Music or Clickable Quiz

1960s Song Title Beginnings Quiz Stats

 Plays Quiz Updated Nov 30, 2017

Challenge
Share
Tweet
Embed
Score 0/32 Timer 05:00
1 Play Today
% Correct
Hey
96.7%
Brown
96.3%
Hit
96.2%
Sweet
96.1%
Born
95.9%
Light
95.9%
Whole
95.8%
House
95.3%
Blowin'
95%
California
94.6%
Surfin'
94.5%
Eight
94.2%
Space
94.2%
Jumpin'
93.9%
River
93.9%
Dance
93.7%
% Correct
Tears
92.9%
Proud
91.9%
Under
91.7%
Pinball
91.5%
Suspicious
91.4%
Unchained
91.1%
Running
90.7%
White
90.1%
People
88.8%
Evil
88.5%
Mustang
88.1%
Summer
87.7%
Quarter
86.2%
Wipe
78.7%
Time
76.2%
Nowhere
72.4%

You're not logged in!

Compare scores with friends on all Sporcle quizzes.
Join for Free
OR
Log In

You Might Also Like...

Show Comments

Extras

Top Quizzes Today


Score Distribution

Your Account Isn't Verified!

In order to create a playlist on Sporcle, you need to verify the email address you used during registration. Go to your Sporcle Settings to finish the process.

Report this User

Report this user for behavior that violates our Community Guidelines.

Details: